| LEADER | 01820nam a2200265 4500 | ||
|---|---|---|---|
| 082 | |a 707 |b Đ104L | ||
| 100 | |a Đàm Luyện | ||
| 245 | |a Thực hành mỹ thuật 7 |c Đàm Luyện, Triệu Khắc Lễ |b Biên soạn theo sách giáo khoa mới | ||
| 260 | |a H. |b ĐHSP |c 2003 | ||
| 300 | |a 47 tr. |c 17cm | ||
| 520 | |a v....v | ||
| 653 | |a Mỹ thuật | ||
| 653 | |a lớp 7 | ||
| 653 | |a thực hành | ||
| 942 | |2 ddc |c STK0 | ||
| 999 | |c 9909 |d 9909 | ||
| 952 | |0 0 |1 0 |2 ddc |4 0 |6 707_000000000000000_Đ104L |7 0 |8 700 |9 78010 |a qbu |b qbu |c D5 |d 2015-07-01 |g 6000 |o 707 Đ104L |p 9783.c1 |r 0000-00-00 |w 2015-07-01 |y STK0 | ||
| 952 | |0 0 |1 0 |2 ddc |4 0 |6 707_000000000000000_Đ104L |7 0 |8 700 |9 78011 |a qbu |b qbu |c D5 |d 2015-07-01 |g 6000 |o 707 Đ104L |p 9783.c2 |r 0000-00-00 |w 2015-07-01 |y STK0 | ||
| 952 | |0 0 |1 0 |2 ddc |4 0 |6 707_000000000000000_Đ104L |7 0 |8 700 |9 78012 |a qbu |b qbu |c D5 |d 2015-07-01 |g 6000 |o 707 Đ104L |p 9783.c3 |r 0000-00-00 |w 2015-07-01 |y STK0 | ||
| 952 | |0 0 |1 0 |2 ddc |4 0 |6 707_000000000000000_Đ104L |7 0 |8 700 |9 78013 |a qbu |b qbu |c D5 |d 2015-07-01 |g 6000 |o 707 Đ104L |p 9783.c4 |r 0000-00-00 |w 2015-07-01 |y STK0 | ||
| 952 | |0 0 |1 0 |2 ddc |4 0 |6 707_000000000000000_Đ104L |7 0 |8 700 |9 78014 |a qbu |b qbu |c D5 |d 2015-07-01 |g 6000 |o 707 Đ104L |p 9783.c5 |r 0000-00-00 |w 2015-07-01 |y STK0 | ||
| 952 | |0 0 |1 0 |2 ddc |4 0 |6 707_000000000000000_Đ104L |7 0 |8 700 |9 78015 |a qbu |b qbu |c D5 |d 2015-07-01 |g 6000 |o 707 Đ104L |p 9783.c6 |r 0000-00-00 |w 2015-07-01 |y STK0 | ||
| 952 | |0 0 |1 0 |2 ddc |4 0 |6 707_000000000000000_Đ104L |7 0 |8 700 |9 78016 |a qbu |b qbu |c D5 |d 2015-07-01 |g 6000 |o 707 Đ104L |p 9783.c7 |r 0000-00-00 |w 2015-07-01 |y STK0 | ||
| 952 | |0 0 |1 0 |2 ddc |4 0 |6 707_000000000000000_Đ104L |7 0 |8 700 |9 78017 |a qbu |b qbu |c D5 |d 2015-07-01 |g 6000 |o 707 Đ104L |p 9783.c8 |r 0000-00-00 |w 2015-07-01 |y STK0 | ||
| 952 | |0 0 |1 0 |2 ddc |4 0 |6 707_000000000000000_Đ104L |7 0 |8 700 |9 78018 |a qbu |b qbu |c D5 |d 2015-07-01 |g 6000 |o 707 Đ104L |p 9783.c9 |r 0000-00-00 |w 2015-07-01 |y STK0 | ||